1968 1018 1414 1720 1593 1897 1604 1156 1313 1434 1950 1432 1380 1706 1084 1415 1693 1677 1081 1787 1867 1658 1205 1733 1757 1069 1889 1348 1003 1389 1625 1139 1238 1425 1212 1995 1895 1549 1467 1619 1448 1930 1190 1605 1332 1280 1799 1275 1235 1357 1912 1526 1004 1906 1357 1696 1211 1141 1904 1594 1741 1193 1294 1576 1169 1977 1284 1886 1578 1762 1314 1740 1083 1928 1629 1224 1396 1908 1887 1219 1416 1135 1699 1991 1813 1212 1209 1654 1835 1280 1103 1832 1922 1190 1223 1863 1606 1341 1020 BCNSPRNW ULIB Ver.6.0+V

เปลี่ยนเป็นภาษาไทย

Change to English
 แสดงรายละเอียดบรรณานุกรม
  กลับหน้าหลัก

Brief Record : Get Marc (ISO 2709) : E-mail record : QR code < ปิดหน้าต่าง
LEADER : 00000nam 2200000uu 4500
001    13399123129
003     ULIB
008    140325s2550||||th 000 0 tha d
020    9789748102146
099    นว.^bอ336ท
100 0  อรพิม
245 00 ทางแสงดาว^cอรพิม
260    กรุงเทพฯ:^bพิมพ์คำ,^c2550
300    408 หน้า
945    ^p240^l0^i022023
999    ^aเกษร โพธิ์สุวรรณ
รายการนี้ยังไม่มีแท็ก
คุณยังไม่ได้ล็อกอิน คุณสามารถมีกิจกรรมร่วมกับเว็บไซต์ได้ แต่ต้องล็อกอินก่อน ::
  ล็อกอิน

รายการสื่อสารสนเทศ

ลำดับที่ ประเภท เลขเรียก/บาร์โค้ด สถานที่ สถานะ
1. นวนิยาย
นวนิยาย
นว. อ336ท  
  Barcode: 022023
ห้องสมุดวิทยาเขตสวรรค์ประชารักษ์
►นวนิยาย
บนชั้น
  ขอยืม

รายการใกล้เคียง
    ผู้แต่ง [อรพิม]

BibComment


ยังไม่เคยถูกคอมเมนท์

คอมเมนท์ทรัพยากรรายการนี้
  คอมเมนท์: ทางแสงดาว อรพิม


 Copyright 2026. Bcnsprnw @Library